|
|
|
|
| LEADER |
00000nam a2200000 a 4500 |
| 001 |
vtls012069765 |
| 003 |
SK-MaSNL |
| 005 |
20260301230627.0 |
| 008 |
250313q1941 xo gr 000 0 slo |
| 015 |
|
|
|a SNBA2021/09
|
| 020 |
|
|
|q (brožované)
|
| 035 |
|
|
|a urn:nbn:sk:snk-am00ic5a
|
| 035 |
|
|
|a D4397801-1829-4A28-A28F-7A0C347C1CC2
|
| 040 |
|
|
|a SNK
|b slo
|c SNK
|e AACR2
|
| 041 |
1 |
|
|a slo
|h ger
|
| 043 |
|
|
|a e------
|
| 044 |
|
|
|a xo
|c SK
|
| 080 |
|
|
|a 32
|x Politika
|2 konspekt
|
| 080 |
|
|
|a 32(091)
|2 2011
|
| 080 |
|
|
|a 327(100)
|2 2011
|
| 080 |
|
|
|a 355.426
|2 2011
|
| 080 |
|
|
|a (048.8)
|2 2011
|
| 080 |
|
|
|a (4)
|2 2011
|
| 100 |
1 |
|
|a Six, Franz Alfred,
|d 1909-1975
|4 aut
|9 211534
|
| 245 |
1 |
0 |
|a Európske občianske vojny a sjednocovacia vojna prítomnosti
|c od Franza Alfreda Sixa
|
| 260 |
|
|
|a [S.l.]
|b [s.n.]
|c [nie pred 1941]
|
| 300 |
|
|
|a 31 srán
|c 21 cm
|
| 546 |
|
|
|a Pravdepodobne preložené z nemčiny
|
| 650 |
0 |
7 |
|a politické dejiny
|2 SNKPH
|9 69271
|
| 650 |
0 |
7 |
|a svetová politika
|2 SNKPH
|9 3783
|
| 650 |
0 |
7 |
|a Political history
|2 SNKPHeng
|9 277990
|
| 650 |
0 |
7 |
|a World politics
|2 SNKPHeng
|9 286815
|
| 650 |
0 |
7 |
|a občianske vojny
|2 SNKPH
|9 57111
|
| 650 |
0 |
7 |
|a Civil wars
|2 SNKPHeng
|9 293710
|
| 651 |
|
7 |
|a Európa
|2 SNKPHgeo
|9 167569
|
| 651 |
|
7 |
|a Europe
|2 SNKPHeng
|9 56249
|
| 655 |
|
7 |
|a monografie
|2 SNKPH
|9 70139
|
| 655 |
|
7 |
|a Monographs
|2 SNKPHeng
|9 120675
|
| 852 |
|
|
|a Slovenská národná knižnica
|
| 954 |
|
|
|a odborná, vedecká literatúra cudzojazyčná (svetová)
|2 lita
|
| 958 |
|
|
|a SP
|
| 958 |
|
|
|a OND
|
| 958 |
|
|
|a OP
|
| 958 |
|
|
|a DE
|
| 999 |
|
|
|c 955521
|d 957451
|
| 952 |
|
|
|a SNK
|b SNK
|y PREZ
|7 0
|p 17A0883297
|o snkSC 18203
|i snkK 2798/63
|8 3
|0 0
|1 0
|4 0
|d 2021-09-21
|f 1
|l 0
|r 2025-07-25 00:00:00
|w 2026-02-24
|